00751nam a22001457a 4500008004100000040005500041080002500096245022200121260005400343300001000397650001600407942001200423999001700435952015300452230622b |||||||| |||| 00| 0 eng d aNational Science LibrarycNational Science Library a628.11:65(082.2)bM7 aIntegrated water resources management for drinking, agriculture and industry: bPolicies and issuesc/ Proceedings first IWRS symposium on integrated................................24-25 January, 1987, Hyderabad (A.P) aRoorkee: bIndian Water Resources Society, c1988 a229p. aProceedings 2udccPR c46332d46332 00102udc40662811650822_M770970356aNSLbNSLcGF/Rk-13/C-16/R-6d1988-09-27l0o628.11:65(082.2) M7p169489r2023-06-22 00:00:00w1988-09-27yPR